000 00293cam a22001097a 4500
008 180718b1977 xxu||||| |||| 00| 0 eng d
082 _aB71103x5414 A
100 _aOrissa.
245 _aThe Orissa grama panchayats acts, rules etc.
260 _aBhubaneswar
_bThe author
_c1977
300 _a188+p.
999 _c488673
_d488673